|
|
|
|
| LEADER |
00000nam a2200000Ii 4500 |
| 001 |
DIGTRO00144 |
| 003 |
NyNyDIG |
| 008 |
220221s2020 sp a o 000 0 spa d |
| 006 |
m o d |
| 007 |
cr ||||||||||| |
| 035 |
|
|
|a (OCoLC)1281976608
|
| 040 |
|
|
|a DGITA
|b eng
|e rda
|e pn
|c DGITA
|
| 020 |
|
|
|a 9788498799811
|q eBook
|q ePub
|
| 020 |
|
|
|z 9788498798340
|
| 043 |
|
|
|a e-sp---
|
| 050 |
1 |
4 |
|a BR110 ebook
|
| 082 |
0 |
4 |
|a 248.2
|
| 100 |
1 |
|
|a López Baralt, Luce,
|e author.
|
| 245 |
1 |
3 |
|a La cima del éxtasis y una fuente infinita en Medina al-Zahra /
|c Luce López-Baralt ; coordinación de la sección gráfica e imágenes, José Manuel Sánchez-Darro.
|
| 264 |
|
1 |
|a Madrid :
|b Editorial Trotta,
|c [2020]
|
| 300 |
|
|
|a 1 online resource :
|b illustrations.
|
| 336 |
|
|
|a text
|b txt
|2 rdacontent
|
| 337 |
|
|
|a computer
|b c
|2 rdamedia
|
| 338 |
|
|
|a online resource
|b cr
|2 rdacarrier
|
| 347 |
|
|
|a text file
|2 rdaft
|
| 347 |
|
|
|a EPUB
|
| 490 |
1 |
|
|a Colección Estructuras y procesos.
|a Serie Religión
|
| 588 |
0 |
|
|a Online resource; title from ePub title page (Digitalia, viewed February 22, 2022)
|
| 650 |
|
0 |
|a Experience (Religion)
|
| 651 |
|
0 |
|a Spain
|x Religious life.
|
| 655 |
|
0 |
|a Electronic books.
|
| 700 |
1 |
|
|a Sánchez-Darro, José Manuel,
|e contributor agent of text.
|
| 791 |
2 |
|
|a Digitalia (Firm),
|e distributor.
|
| 793 |
0 |
|
|g Digitalia eBook Collection:
|a Trotta Editorial
|
| 776 |
0 |
8 |
|i Print version:
|a López Baralt, Luce.
|t Cima del éxtasis y una fuente infinita en Medina al-Zahra.
|d Madrid : Editorial Trotta, [2020]
|z 9788498798340
|
| 830 |
|
0 |
|a Colección Estructuras y procesos.
|p Serie Religión.
|
| 856 |
4 |
0 |
|3 Digitalia Hispánica
|u https://www.digitaliapublishing.com/a/67465/
|
| 910 |
|
|
|a Premium collection: 2022
|